LEADER 00747nam a2200217 i 4500 001 000000129971 003 CaOOAMICUS 005 20041013000000.0 008 041013s1959 it u000 u ita u 013 $a102704 040 $aSeMil$bita 100 1 $aCasali, Giuseppe.$0(OLS)http://semarc/name/5884 245 13$aIl Credo. 250 $a2. ed. 300 $a294 p. 650 4$aSimboli di fede - Catechismi.$0(OLS)http://semarc/subject/16052 773 0 $aCasali, Giuseppe$tCatechesi festiva oggi.$dLucca : Regnum Christi, [195?]$g1$w()12312 850 $aSeMil 852 $aSeMil$W1$xVenegono$y1$m741 2 1 *$j84054$B84054$CSeMilBibl$Z2$F87896 $81 961 $aLascito: Bassani don Emilio 996 $6245$aIl Credo$9(OLS)http://semarc/title/6517 LEADER 01003nam a2200205 i 4500 001 000000205021 003 CaOOAMICUS 005 20110812000000.0 008 110812s1809 it u000 u ita u 013 $a183754 026 $ar-t- n-ai r-e- l'te (3) 1809 (A) 040 $aSeMil$bita 245 10$aVol. 6. 300 $a[2], 370, [2] p., [18] carte di tav. :$britr. 490 0 $aEdizione delle opere classiche italiane 773 0 $aVasari, Giorgio <1511-1574>$tVite de' pił eccellenti pittori, scultori e architetti scritte da Giorgio Vasari pittore e architetto aretino illustrate con note. Volume 1. [-16.].$dMilano : Tip. de' Classici Italiani, contrada di S. Margherita, n.° 1118, 1807-1811.$kEdizione delle opere classiche italiane$g6$w()25289 830 0$aEdizione delle opere classiche italiane.$0(OLS)http://semarc/title/33675 850 $aSeMil 852 $aSeMil$W1$xVenegono$y1$m1I I 18 FA$j155515$B155515$CSeMilBibl$Z2$F166804 $8I 996 $6245$aVol. 6$9(OLS)http://semarc/title/108698